| 000 | 01239nam0a2200301 4500 | ||
|---|---|---|---|
| 001 | RU\NLR\BIBL_A\022824720 | ||
| 005 | 20260607092432.0 | ||
| 010 | _93000 | ||
| 035 | _a(NLR Aleph) 022824720 | ||
| 090 |
_a13721674 _c13721674 |
||
| 100 | _a20260602d1948 m y0rusy50 ca | ||
| 101 | 0 |
_atyv _arus |
|
| 102 | _aRU | ||
| 105 | _ay z 000 y | ||
| 181 | 0 |
_ai _baxxe |
|
| 182 | 0 | _an | |
| 200 | 1 |
_aК?дээ ажыл-агый малдарын т?рел аайы-биле эдериштирип болбас _fК?дээ ажыл-агыйны? Тыва область эргелели _gОрузундан тывазынга таарыштарын тургускан О. Ширап |
|
| 203 |
_aТекст _bвизуальный _cнепосредственный |
||
| 210 |
_aКызыл _cТыва областы? ном ?нд?рер чери _d1948 |
||
| 215 |
_a8, [1] с _d21 |
||
| 309 | _aБез тит. л. | ||
| 541 | 1 |
_a[О недопущении случки сельскохозяйственных животных, находящихся в родстве] _zrus |
|
| 686 | 1 | _aП54 | |
| 702 | 1 |
_aШирап _bО. _4220 |
|
| 852 |
_aNLR _bОНЛ _jТув./3-14 |
||
| 942 | _cBOOK | ||
| 980 | _aNB | ||